Statystyki dla Państwa Świata w których Sikałem

Kliknij tutaj aby rozwiązać quiz!

Ogólne statystyki

  • Ten quiz został rozwiązany 21 razy
  • Średni wynik to 16 z 50

Statystyki odpowiedzi

PaństwoIle razy sikałem% Poprawnych
Stany Zjednoczone109
83%
Niemcy78
78%
Polska21,187
78%
Francja104
67%
Kanada41
67%
Rosja93
67%
Chiny44
61%
Meksyk23
61%
Wielka Brytania127
61%
Japonia28
56%
Argentyna19
50%
Brazylia303
50%
Egipt8
50%
Południowa Afryka61
50%
Indie23
44%
Niger21
39%
Nigeria11
39%
Iran8
33%
Turcja30
33%
Algieria16
28%
Indonezja77
28%
Irak24
28%
SudanNie pamiętam
28%
Czad22
22%
Dem. Rep. Konga2
22%
Filipiny10
22%
Kenia16
22%
Mali21
22%
Tajlandia44
22%
Tanzania3
22%
Wietnam52
22%
Angola1
17%
Bangladesz60
17%
Etiopia13
17%
Jemen14
17%
Pakistan14
17%
Afganistan11
11%
Benin29
11%
Burkina Faso3
11%
Ghana2
11%
Kamerun3
11%
Madagaskar19
11%
Malawi10
11%
Senegal23
11%
Uganda6
11%
Zambia14
11%
Mozambik2
6%
Somalia9
6%
Wybrzeże Kości Słoniowej8
6%
Mjanma43
0%

Rozkład punktacji

Percentyl według liczby udzielonych odpowiedzi

Procent ludzi z każdym wynikiem

Twoja historia wyników

Nie rozwiązałeś tego quizu